पर्यटन एक अध्य्यन / (Record no. 118395)
[ view plain ]
| 000 -LEADER | |
|---|---|
| fixed length control field | 01212nam a22002657a 4500 |
| 005 - DATE AND TIME OF LATEST TRANSACTION | |
| control field | 20170124103111.0 |
| 010 ## - LIBRARY OF CONGRESS CONTROL NUMBER | |
| LC control number | B-155924 |
| 020 ## - INTERNATIONAL STANDARD BOOK NUMBER | |
| Terms of availability | 60.00 |
| 035 ## - SYSTEM CONTROL NUMBER | |
| System control number | B-155924 |
| 037 ## - SOURCE OF ACQUISITION | |
| Source of stock number/acquisition | Cen Lib/Ret |
| 040 ## - CATALOGING SOURCE | |
| Original cataloging agency | DPL |
| Language of cataloging | HN |
| 082 ## - DEWEY DECIMAL CLASSIFICATION NUMBER | |
| Classification number | 338.4791 |
| Item number | गुप्तापा |
| 100 ## - MAIN ENTRY--PERSONAL NAME | |
| Personal name | गुप्ता, पापिया दास |
| 9 (RLIN) | 10169 |
| 245 ## - TITLE STATEMENT | |
| Title | पर्यटन एक अध्य्यन / |
| Statement of responsibility, etc | पापिया दास गुप्ता |
| 246 ## - VARYING FORM OF TITLE | |
| Title proper/short title | Parytan ek adhyyan / |
| Remainder of title | by Papiya Das Gupta |
| 260 ## - PUBLICATION, DISTRIBUTION, ETC. (IMPRINT) | |
| Place of publication, distribution, etc | भोपाल |
| Name of publisher, distributor, etc | मध्यप्रदेश हिन्दी ग्रन्थ अकादमी |
| Date of publication, distribution, etc | 2004 |
| 270 ## - ADDRESS | |
| City | मध्य प्रदेश |
| Address | रवीन्द्रनाथ ठाकुर मार्ग, बानगंगा |
| Postal code | 462 003 |
| 300 ## - PHYSICAL DESCRIPTION | |
| Extent | 190पृ. |
| Dimensions | 20सेमी(अजिल्द) |
| 500 ## - GENERAL NOTE | |
| General note | संदर्भ शामिल |
| 650 ## - SUBJECT ADDED ENTRY--TOPICAL TERM | |
| Topical term or geographic name as entry element | पर्यटन -- महत्त्व |
| 9 (RLIN) | 79922 |
| 650 ## - SUBJECT ADDED ENTRY--TOPICAL TERM | |
| Topical term or geographic name as entry element | पर्यटन -- पर्यावरण |
| 9 (RLIN) | 79923 |
| 650 ## - SUBJECT ADDED ENTRY--TOPICAL TERM | |
| Topical term or geographic name as entry element | Tourism - Importance |
| 9 (RLIN) | 79924 |
| 650 ## - SUBJECT ADDED ENTRY--TOPICAL TERM | |
| Topical term or geographic name as entry element | Tourism - Environment |
| 9 (RLIN) | 79925 |
| 942 ## - ADDED ENTRY ELEMENTS (KOHA) | |
| Source of classification or shelving scheme | Dewey Decimal Classification |
| Koha item type | Hindi Books |
| Classification part | 338.4791 |
| Call number suffix | गुप्तापा |
| Withdrawn status | Lost status | Source of classification or shelving scheme | Damaged status | Not for loan | Home library | Current library | Date acquired | Source of acquisition | Cost, normal purchase price | Total Checkouts | Full call number | Barcode | Date last seen | Date checked out | Copy number | Uniform Resource Identifier | Cost, replacement price | Price effective from | Koha item type |
|---|---|---|---|---|---|---|---|---|---|---|---|---|---|---|---|---|---|---|---|
| Dewey Decimal Classification | Central Library | Central Library | 11/09/2015 | Cen Lib/Ret | 60.00 | 2 | 338.4791 गुप्तापा | B-155924 | 15/04/2019 | 31/03/2019 | 1 | CL22 | 60.00 | 11/09/2015 | Hindi Books |
